00415cam a22001217a 4500008004000000082002400040100002500064245003500089260004800124300001000172440006500182650004600247180718b1998 xxu||||| |||| 00| 0 eng d aA81x54 91/15/PT4A/C aCensus of India 1991 aManipur: socio-cultural tables aDelhibThe Controller of Publicationsc1998 a192p. aCensus of India 1991. Series-15, Manipur, Part IV A-C Series aCensus - India - Manipur - Social aspects